Todos os jogadores convocados na Copa de 2018 - Statistics

Estatísticas Gerais
  • Esse quiz foi jogado 70 vezes
  • A pontuação média é 112 de 736
Estatísticas das Respostas
# País Jogador % Correto
10 Brasil Neymar
91%
20 Inglaterra Dele Alli
89%
1 Brasil Alisson
87%
7 Portugal Cristiano Ronaldo
85%
10 Argentina Lionel Messi
80%
12 Brasil Marcelo
80%
9 Brasil Gabriel Jesus
78%
2 Brasil Thiago Silva
78%
10 França Mbappé
76%
11 Brasil Philippe Coutinho
74%
13 Brasil Marquinhos
72%
1 Alemanha Neuer
72%
7 Coréia do Sul Son Heung-Min
72%
5 Brasil Casemiro
70%
9 Inglaterra Harry Kane
70%
14 Brasil Danilo
67%
23 Brasil Ederson
67%
16 Brasil Cássio
65%
22 Brasil Fágner
65%
18 Coréia do Sul Moon Seon-Min
65%
16 Coréia do Sul Ki Sung-Yueng
63%
21 Coréia do Sul Kim Jin-hyeon
61%
12 Coréia do Sul Kim Min-Woo
61%
1 Coréia do Sul Kim Seung-gyu
61%
9 Coréia do Sul Kim Shin-Wook
61%
19 Coréia do Sul Kim Young-Gwon
61%
10 Croácia Modric
61%
10 Egito Mohammed Salah
61%
20 Brasil Roberto Firmino
61%
13 Alemanha Thomas Müller
61%
17 Brasil Fernandinho
59%
2 Egito Ali Gabr
57%
13 França Kanté
57%
9 Uruguai Luis Suárez
57%
11 Argentina Di María
54%
7 Brasil Douglas Costa
54%
1 França Hugo Lloris
54%
10 Colômbia James Rodríguez
54%
7 Bélgica Kevin De Bruyne
54%
15 Brasil Paulinho
54%
3 Portugal Pepe
54%
6 França Pogba
54%
8 Brasil Renato Augusto
54%
10 Senegal Sadio Mané
54%
8 Alemanha Toni Kroos
54%
21 Uruguai Cavani
52%
1 Bélgica Courtois
52%
6 Brasil Filipe Luís
52%
13 México Guillermo Ochoa
52%
22 Coréia do Sul Ko Yo-Han
52%
9 Bélgica Romelu Lukaku
52%
19 Brasil Willian
52%
2 Marrocos Achraf Hakimi
50%
3 Brasil Miranda
50%
2 França Pavard
50%
11 França Dembélé
48%
19 Bélgica Mousa Dembele
48%
1 Portugal Rui Patrício
48%
9 França Giroud
46%
7 França Griezmann
46%
9 Polônia Lewandowski
46%
4 Brasil Pedro Geromel
46%
11 Portugal Bernardo Silva
43%
19 Espanha Diego Costa
43%
18 Brasil Fred
43%
14 México Javier Hernández
43%
1 Inglaterra Jordan Pickford
43%
1 Costa Rica Keylor Navas
43%
5 Portugal Raphael Guerreiro
43%
21 Croácia Vida
43%
19 Argentina Agüero
41%
9 Portugal André Silva
41%
16 Portugal Bruno Fernandes
41%
15 Croácia Caleta-Car
41%
10 Bélgica Eden Hazard
41%
1 Uruguai Fernando Muslera
41%
3 Espanha Pique
41%
11 Alemanha Reus
41%
6 Senegal Salif Sané
41%
22 Alemanha Ter Stegen
41%
16 Bélgica Thorgan Hazard
41%
23 Portugal Adrien Silva
39%
17 Alemanha Boateng
39%
5 Alemanha Hummels
39%
2 Rússia Mário Fernandes
39%
1 Colômbia Ospina
39%
9 Peru Paolo Guerrero
39%
15 Espanha Sergio Ramos
39%
21 Brasil Taison
39%
4 França Varane
39%
2 Peru Alberto Rodríguez
37%
22 Panamá Alex Rodríguez
37%
7 Uruguai Cristian Rodríguez
37%
21 Espanha David Silva
37%
13 Uruguai Gastón Silva
37%
9 Argentina Higuaín
37%
18 Alemanha Kimmich
37%
3 França Kimpembe
37%
21 Panamá Luis Rodríguez
37%
19 Portugal Mário Rui
37%
23 Uruguai Martin Silva
37%
22 França Mendy
37%
4 Croácia Perisic
37%
7 Croácia Rakitic
37%
13 Suíça Ricardo Rodríguez
37%
13 Colômbia Yerry Mina
37%
6 Bélgica Axel Witsel
35%
7 Panamá Blas Pérez
35%
15 Argentina Enzo Pérez
35%
8 Croácia Kovacic
35%
6 Coréia do Sul Park Joo-Ho
35%
1 Suíça Yann Sommer
35%
10 Dinamarca Christian Eriksen
33%
2 Espanha Dani Carvajal
33%
10 Uruguai De Arrascaeta
33%
12 Argentina Franco Armani
33%
7 Marrocos Hakim Ziyech
33%
6 Espanha Iniesta
33%
12 Costa Rica Joel Campbell
33%
8 Inglaterra Jordan Henderson
33%
6 Alemanha Khedira
33%
14 Argentina Mascherano
33%
5 França Umtiti
33%
15 Peru Christian Ramos
30%
22 Espanha Isco
30%
10 Portugal João Mário
30%
8 Portugal João Moutinho
30%
4 Marrocos Manu da Costa
30%
23 Alemanha Mario Gomez
30%
10 Alemanha Ozil
30%
20 Portugal Ricardo Quaresma
30%
5 Inglaterra Stones
30%
2 Inglaterra Walker
30%
6 Colômbia Carlos Sánchez
28%
5 Uruguai Carlos Sánchez
28%
11 Colômbia Cuadrado
28%
23 Colômbia Davinson Sánchez
28%
1 Espanha De Gea
28%
6 Panamá Gabriel Gómez
28%
10 Suíça Granit Xhaka
28%
22 Colômbia Jose Cuadrado
28%
4 Japão Keisuke Honda
28%
17 Croácia Mandzukic
28%
4 Portugal Manuel Fernandes
28%
18 Uruguai Maximiliano Gómez
28%
4 Espanha Nacho
28%
5 Espanha Sergio Busquets
28%
15 Bélgica Thomas Meunier
28%
22 Inglaterra Alexander-Arnold
26%
16 Suíça Gelson Fernandes
26%
3 Uruguai Godín
26%
14 Alemanha Goretzka
26%
6 Inglaterra Harry Maguire
26%
22 México Hirving Lozano
26%
18 Espanha Jordi Alba
26%
2 Uruguai José Maria Giménez
26%
16 França Mandanda
26%
2 Argentina Mercado
26%
10 Inglaterra Raheem Sterling
26%
9 Espanha Rodrigo
26%
4 Austrália Tim Cahill
26%
23 Suíça Xherdan Shaqiri
26%
2 Portugal Bruno Alves
24%
10 Costa Rica Bryan Ruiz
24%
15 Inglaterra Cahill
24%
22 Suíça Fabian Schär
24%
8 Bélgica Fellaini
24%
21 Alemanha Gundogan
24%
10 Panamá Ismael Díaz
24%
6 Portugal José Fonte
24%
1 Dinamarca Kasper Schmeichel
24%
15 Portugal Ricardo Pereira
24%
13 Portugal Rubén Dias
24%
4 Bélgica Vincent Kompany
24%
14 Portugal Willian Carvalho
24%
8 Argentina Acuña
22%
12 Portugal Anthony Lopes
22%
23 França Aréola
22%
23 Argentina Caballero
22%
7 Alemanha Draxler
22%
21 Argentina Dybala
22%
9 Panamá Gabriel Torres
22%
17 Portugal Gonçalo Guedes
22%
15 México Héctor Moreno
22%
8 Coréia do Sul Ju Se-Jong
22%
20 Espanha Marco Asensio
22%
16 Uruguai Maxi Pereira
22%
23 Espanha Pepe Reina
22%
5 Panamá Román Torres
22%
16 Alemanha Rüdiger
22%
23 Croácia Subasic
22%
3 Argentina Tagliafico
22%
12 França Tolisso
22%
12 Alemanha Trapp
22%
12 Inglaterra Trippier
22%
1 Rússia Akinfeev
20%
11 Croácia Brozovic
20%
9 Colômbia Falcão Garcia
20%
10 Islândia Gylfi Sigurdsson
20%
11 Inglaterra Jamie Vardy
20%
8 Espanha Koke
20%
6 Croácia Lovren
20%
19 Inglaterra Marcus Rashford
20%
14 França Matuidi
20%
1 Peru Pedro Gallese
20%
6 Islândia Ragnar Sigurdsson
20%
17 França Rami
20%
1 Suécia Robin Olsen
20%
18 Arábia Saudita Salem Al-Dawsari
20%
9 Sérvia Aleksandar Mitrovic
17%
18 México Andrés Guardado
17%
14 Espanha Azpilicueta
17%
7 Argentina Banega
17%
5 Argentina Biglia
17%
12 Colômbia Camilo Vargas
17%
8 Peru Christian Cueva
17%
17 Rússia Golovin
17%
3 Alemanha Hector
17%
16 México Héctor Herrera
17%
3 Senegal Kalidou Koulibaly
17%
9 Croácia Kramaric
17%
7 Inglaterra Lingard
17%
1 Croácia Livakovic
17%
5 Suíça Manuel Akanji
17%
17 Irã Mehdi Taremi
17%
16 Espanha Nacho Monreal
17%
23 Inglaterra Nick Pope
17%
19 Polônia Piotr Zielinski
17%
4 Dinamarca Simon Kjaer
17%
10 Rússia Smolov
17%
9 Alemanha Timo Werner
17%
11 Bélgica Yannick Carrasco
17%
1 Marrocos Yassine Bounou
17%
20 Dinamarca Yussuf Poulsen
17%
18 Peru André Carrillo
15%
20 Alemanha Brandt
15%
7 Suíça Breel Embolo
15%
7 Colômbia Carlos Bacca
15%
11 México Carlos Vela
15%
17 Uruguai Diego Laxalt
15%
10 Sérvia Dusan Tadic
15%
5 México Erick Gutiérrez
15%
4 Uruguai Guillermo Varela
15%
5 Senegal Idrissa Gueye
15%
5 Bélgica Jan Vertonghen
15%
10 Peru Jefferson Farfán
15%
15 Coréia do Sul Jung Woo-Young
15%
14 Colômbia Luís Muriel
15%
22 Uruguai Martín Cáceres
15%
15 Colômbia Mateus Uribe
15%
10 Nigéria Mikel
15%
12 Arábia Saudita Mohammed Kanno
15%
18 Sérvia Nemanja Matic
15%
4 Colômbia Santiago Arias
15%
2 Bélgica Toby Alderweireld
15%
6 Dinamarca Andreas Christensen
13%
6 Rússia Cheryshev
13%
14 Bélgica Dries Mertens
13%
22 Rússia Dzyuba
13%
10 Suécia Emil Forsberg
13%
18 França Fekir
13%
20 Argentina Lo Celso
13%
11 Espanha Lucas Vazquez
13%
17 Peru Luis Advíncula
13%
19 Sérvia Luka Jovic
13%
5 Marrocos Mehdi Benatia
13%
7 México Miguel Layún
13%
16 Marrocos Nordin Amrabat
13%
9 México Raúl Jiménez
13%
20 Sérvia Sergej Milinkovic
13%
10 Japão Shinji Kagawa
13%
21 Marrocos Sofyan Amrabat
13%
11 Nigéria Victor Moses
13%
2 Croácia Vrsaljko
13%
10 Tunísia Wahbi Khazri
13%
1 Polônia Wojciech Szczesny
13%
11 Sérvia Aleksandar Kolarov
11%
7 Polônia Arkadiusz Milik
11%
18 Inglaterra Ashley Young
11%
22 Portugal Beto
11%
12 Austrália Brad Jones
11%
11 Uruguai Cristhin Stuani
11%
3 Inglaterra Danny Rose
11%
3 Costa Rica Giancarlo González
11%
10 México Giovani dos Santos
11%
9 Suíça Haris Seferovic
11%
17 Espanha Iago Aspas
11%
15 Nigéria Joel Obi
11%
6 México Jonathan dos Santos
11%
20 Colômbia Juan Quintero
11%
8 França Lemar
11%
16 Argentina Marcos Rojo
11%
9 Suécia Marcus Berg
11%
1 Austrália Mathew Ryan
11%
8 Uruguai Nahitan Nández
11%
22 Argentina Pavón
11%
2 Alemanha Plattenhardt
11%
19 Uruguai Sebastián Coates
11%
12 Bélgica Simon Mignolet
11%
15 Alemanha Süle
11%
10 Espanha Thiago Alcantara
11%
11 Suíça Valon Behrami
11%
6 Japão Wataru Endo
11%
17 Bélgica Youri Tielemans
11%
5 Japão Yuto Nagatomo
11%
2 Colômbia Zapata
11%
7 Nigéria Ahmed Musa
9%
4 Suécia Andreas Granqvist
9%
17 Islândia Aron Gunnarsson
9%
13 Espanha Arrizabalaga
9%
3 México Carlos Salcedo
9%
21 Portugal Cédric Soares
9%
5 Costa Rica Celso Borges
9%
14 Inglaterra Danny Welbeck
9%
20 Costa Rica David Guzmán
9%
4 Inglaterra Dier
9%
9 Rússia Dzagoev
9%
20 Peru Edison Flores
9%
17 Sérvia Filip Kostic
9%
15 Costa Rica Francisco Calvo
9%
18 Portugal Gelson Martins
9%
4 Alemanha Ginter
9%
1 Argentina Guzman
9%
1 Islândia Hannes Halldórsson
9%
18 Senegal Ismaïla Sarr
9%
16 Colômbia Jefferson Lerma
9%
23 México Jesús Gallardo
9%
3 Coréia do Sul Jung Seung-Hyun
9%
14 Uruguai Lucas Torreira
9%
15 Uruguai Matás Vecino
9%
13 Argentina Meza
9%
21 Bélgica Michy Batshuayi
9%
5 Peru Miguel Araujo
9%
19 Colômbia Miguel Borja
9%
6 Peru Miguel Trauco
9%
16 Rússia Miranchuk
9%
15 França N'Zonzi
9%
20 Suécia Ola Toivonen
9%
16 Inglaterra Phil Jones
9%
4 México Rafael Márquez
9%
18 Croácia Rebic
9%
6 Marrocos Romain Saïss
9%
7 Espanha Saul Niguez
9%
7 Suécia Sebastian Larsson
9%
9 Japão Shinji Okazaki
9%
19 França Sidibé
9%
14 Suíça Steven Zuber
9%
20 França Thauvin
9%
8 Dinamarca Thomas Delaney
9%
21 Egito Trezeguet
9%
3 Suécia Victor Nilsson-Lindelöf
9%
4 Nigéria Wilfred Ndidi
9%
19 Peru Yoshimar Yotún
9%
19 Marrocos Youssef En-Nesyri
9%
18 Rússia Zhirkov
9%
13 Austrália Aaron Mooy
7%
1 Senegal Abdoulaye Diallo
7%
1 Irã Alireza Beiranvand
7%
18 Irã Alireza Jahanbakhsh
7%
12 Espanha Alvaro Odriozola
7%
8 Islândia Birkir Bjarnason
7%
6 Sérvia Branislav Ivanovic
7%
8 Costa Rica Bryan Oviedo
7%
23 Coréia do Sul Cho Hyun-woo
7%
16 Costa Rica Cristian Gamboa
7%
15 Senegal Diafra Sakho
7%
21 México Edson Álvarez
7%
17 Tunísia Ellyes Skhiri
7%
23 Panamá Felipe Baloy
7%
20 Suíça Johan Djourou
7%
12 Dinamarca Kasper Dolberg
7%
14 Nigéria Kelechi Iheanacho
7%
13 Bélgica Koen Casteels
7%
13 Coréia do Sul Koo Ja-Cheol
7%
10 Coréia do Sul Lee Seung-Woo
7%
2 Coréia do Sul Lee Yong
7%
12 Croácia Lovre Kalinic
7%
22 Polônia Lukasz Fabianski
7%
8 México Marco Fabián
7%
21 Costa Rica Marcos Ureña
7%
12 Uruguai Martín Campaña
7%
7 Austrália Mathew Leckie
7%
22 Japão Maya Yoshida
7%
15 Austrália Mile Jedinak
7%
22 Bélgica Nacer Chadli
7%
21 Sérvia Nemanja Radonjic
7%
16 Croácia Nikola Kalinic
7%
15 Sérvia Nikola Milenkovic
7%
17 Nigéria Ogenyi Onazi
7%
20 Croácia Pjaca
7%
21 Polônia Rafal Kurzawa
7%
13 Peru Renato Tapia
7%
21 Suíça Roman Bürki
7%
19 Alemanha Rudy
7%
19 Rússia Samedov
7%
2 Suíça Stephan Lichtsteiner
7%
3 Croácia Strinic
7%
14 Japão Takashi Inui
7%
3 Bélgica Thomas Vermaelen
7%
19 Egito Abdallah El-Said
4%
8 Colômbia Abel Aguilar
4%
22 Sérvia Adem Ljajic
4%
13 Panamá Adolfo Machado
4%
14 Islândia Albert Gudmundsson
4%
8 Sérvia Aleksandar Prijovic
4%
18 Nigéria Alex Iwobi
4%
11 Islândia Alfred Finnbogason
4%
23 Senegal Alfred Gomis
4%
13 Senegal Alfred N'Diaye
4%
22 Egito Amr Warda
4%
21 Dinamarca Andreas Cornelius
4%
7 Sérvia Andrija Zivkovic
4%
20 Panamá Aníbal Godoy
4%
4 Argentina Ansaldi
4%
2 Sérvia Antonio Rukavina
4%
16 Austrália Aziz Behich
4%
19 Croácia Badelj
4%
17 Senegal Badou Ndiaye
4%
2 Islândia Birkir Saevarsson
4%
15 Suíça Blerim Dzemaili
4%
2 Nigéria Byan Idowu
4%
20 Nigéria Chidozie Awaziem
4%
7 Costa Rica Christian Bolaños
4%
17 Suíça Denis Zakaria
4%
3 Sérvia Dusko Tosic
4%
1 Japão Eiji Kawashima
4%
1 Egito Essam El-Hadary
4%
8 Tunísia Fakhreddine Ben Youssef
4%
6 Argentina Fazio
4%
13 Tunísia Ferjani Sassi
4%
14 Croácia Filip Bradaric
4%
23 Nigéria Francis Uzoho
4%
18 Colômbia Frank Fabra
4%
7 Japão Gaku Shibasaki
4%
3 Japão Gen Shoji
4%
21 Japão Gotoku Sakai
4%
14 Rússia Granat
4%
13 Suécia Gustav Svensson
4%
3 Marrocos Hamza Mendyl
4%
14 Dinamarca Henrik Dalsgaard
4%
19 Japão Hiroki Sakai
4%
18 Islândia Hördur Magnússon
4%
16 Japão Hotaru Yamaguchi
4%
2 México Hugo Ayala
4%
11 Coréia do Sul Hwang Hee-Chan
4%
1 Nigéria Ikechukwu Ezenwa
4%
13 Inglaterra Jack Butland
4%
1 Panamá Jaime Penedo
4%
5 Polônia Jan Bednarek
4%
13 Croácia Jedvaj
4%
17 Dinamarca Jens Stryger Larsen
4%
17 México Jesús Corona
4%
7 Islândia Jóhann Gudmundsson
4%
19 Nigéria John Ogu
4%
1 México José Corona
4%
21 Colômbia Jose Izquierdo
4%
19 Austrália Josh Risdon
4%
10 Irã Karim Ansarifard
4%
12 Suécia Karl-Johan Johnsson
4%
22 Nigéria Kenneth Omeruo
4%
16 Senegal Khadim N'Diaye
4%
13 Rússia Kudryashov
4%
3 Rússia Kutepov
4%
19 Dinamarca Lasse Schöne
4%
23 Bélgica Leander Dendoncker
4%
6 Nigéria Leon Balogun
4%
4 Sérvia Luka Milivojevic
4%
11 Egito Mahmoud Kahraba
4%
17 Japão Makoto Hasebe
4%
23 Sérvia Marko Dmitrovic
4%
16 Sérvia Marko Grujic
4%
11 Dinamarca Martin Braithwaite
4%
5 Suécia Martin Olsson
4%
9 Egito Marwan Mohsen
4%
8 Austrália Massimo Luongo
4%
13 Dinamarca Mathias Jorgensen
4%
19 Senegal M'Baye Niang
4%
2 Dinamarca Michael Krohn
4%
6 Suíça Michael Lang
4%
2 Panamá Michael Murillo
4%
2 Polônia Michal Pazdan
4%
13 Sérvia Milan Rodic
4%
14 Sérvia Milos Veljkovic
4%
14 Tunísia Mohamed Ben Amor
4%
14 Senegal Moussa Konaté
4%
7 Senegal Moussa Sow
4%
4 Suíça Nico Elvedi
4%
9 Dinamarca Nicolai Jorgensen
4%
9 Nigéria Odion Ighalo
4%
8 Nigéria Oghenekaro Etebo
4%
4 Egito Omar Gaber
4%
6 Costa Rica Oscar Duarte
4%
3 Colômbia Oscar Murillo
4%
7 Peru Paolo Hurtado
4%
23 Dinamarca Pione Sisto
4%
22 Croácia Pivaric
4%
12 Sérvia Predrag Rajkovic
4%
14 Egito Ramadan Sobhi
4%
11 Peru Raul Ruidíaz
4%
8 Suíça Remo Freuler
4%
19 Islândia Rúrik Gíslason
4%
20 Egito Saad Samir
4%
18 Argentina Salvio
4%
14 Irã Saman Ghoddos
4%
5 Egito Sam Morsy
4%
5 Rússia Semenov
4%
18 Egito Shikabala
4%
23 Rússia Smolnikov
4%
2 Tunísia Syam Bem Youssef
4%
8 Egito Tarek Hamed
4%
5 Sérvia Uros Spajic
4%
20 Uruguai Urretaviscaya
4%
5 Croácia Vedran Corluka
4%
15 Dinamarca Viktor Fischer
4%
20 Rússia Vladimir Gabulov
4%
1 Sérvia Vladimir Stojkovic
4%
5 Nigéria William Ekong
4%
5 Colômbia Wilmar Barrios
4%
8 Arábia Saudita Yahya Al-Shehri
4%
13 Arábia Saudita Yasser Al-Shahrani
4%
5 Coréia do Sul Yun Yong-Sun
4%
15 Japão Yuya Osako
4%
12 Suíça Yvon Mvogo
4%
11 Rússia Zobnin
4%
16 Panamá Abdiel Arroyo
2%
15 Arábia Saudita Abdullah Al-Khaibari
2%
12 Nigéria Abdullahi Shehu
2%
14 Arábia Saudita Abdullah Otayf
2%
11 Arábia Saudita Abdulmalek Al-Khaibri
2%
18 Bélgica Adnan Januzaj
2%
3 Egito Ahmed Elmohamady
2%
7 Egito Ahmed Fathi
2%
6 Egito Ahmed Hegazi
2%
15 Tunísia Ahmed Khalil
2%
22 Marrocos Ahmed Reda
2%
8 Suécia Albin Ekdal
2%
3 Peru Aldo Corzo
2%
4 Arábia Saudita Ali Al-Bulaihi
2%
12 Tunísia Ali Maaloul
2%
18 Marrocos Amine Harit
2%
22 Irã Amir Abedzadeh
2%
4 Peru Anderson Santamaría
2%
14 Peru Andy Polo
2%
9 Tunísia Anice Badri
2%
23 Islândia Ari Skúlason
2%
21 Islândia Arnór Traustason
2%
21 Irã Ashkan Dejagah
2%
12 Egito Ayman Ashraf
2%
9 Marrocos Ayoub El Kaabi
2%
20 Marrocos Aziz Bouhaddouz
2%
18 Tunísia Bassem Srarfi
2%
9 Islândia Björn Sigurdarson
2%
12 Peru Carlos Cáceda
2%
11 Senegal Cheikh N'Doye
2%
8 Senegal Cheikhou Kouyaté
2%
16 Nigéria Daniel Akpeyi
2%
9 Costa Rica Daniel Colindres
2%
18 Austrália Danny Vukovic
2%
23 Polônia Dawid Kownacki
2%
20 Bélgica Dedryck Boyata
2%
17 Inglaterra Delph
2%
11 Tunísia Dylan Bronn
2%
8 Panamá Édgar Bárcenas
2%
3 Irã Ehsan Hajsafi
2%
3 Nigéria Elderson Echiejile
2%
20 Islândia Emil Hallfredsson
2%
16 Suécia Emil Krafth
2%
15 Panamá Éric Davis
2%
21 Rússia Erokhin
2%
19 Arábia Saudita Fahad Al-Muwallad
2%
1 Tunísia Farouk Bem Mustapha
2%
11 Marrocos Fayçal Fajr
2%
4 Panamá Fidel Escobar
2%
14 Suécia Filip Helander
2%
22 Dinamarca Frederik Ronnow
2%
12 Islândia Frederik Schram
2%
10 Polônia Grzegorz Krychowiak
2%
21 Tunísia Hamdi Nagguez
2%
9 Arábia Saudita Hattan Bahebri
2%
16 Arábia Saudita Hussain Al-Mogahwi
2%
4 Costa Rica Ian Smith
2%
22 Suécia Isaac Kiese Thelin
2%
22 Austrália Jackson Irvine
2%
16 Polônia Jakub Blaszczykowski
2%
3 Austrália James Meredith
2%
20 Coréia do Sul Jang Hyun-Soo
2%
3 Dinamarca Jannik Vestergaard
2%
20 México Javier Aquino
2%
21 Suécia Jimmy Durmaz
2%
17 Colômbia Johan Mojica
2%
11 Costa Rica Johan Venegas
2%
11 Suécia John Guidetti
2%
2 Costa Rica Johnny Acosta
2%
5 Dinamarca Jonas Knudsen
2%
16 Dinamarca Jonas Lössl
2%
22 Islândia Jón Bödvarsson
2%
12 Panamá José Calderón
2%
21 Peru José Carvallo
2%
11 Polônia Kamil Grosicki
2%
4 Senegal Kara Mbodji
2%
4 Islândia Kári Árnason
2%
8 Marrocos Karim El Ahmadi
2%
8 Polônia Karol Linetty
2%
20 Senegal Keita Baldé
2%
19 Costa Rica Kendall Watson
2%
13 Marrocos Khalid Boutaïb
2%
23 Japão Kosuke Nakamura
2%
23 Suécia Kristoffer Nordfeldt
2%
21 Senegal Lamine Gassama
2%
17 Coréia do Sul Lee Jae-Sung
2%
23 Costa Rica Leonel Moreira
2%
21 Inglaterra Loftus-Cheek
2%
6 Suécia Ludwig Augustinsson
2%
17 Panamá Luis Ovalle
2%
18 Panamá Luis Tejada
2%
18 Dinamarca Lukas Lerager
2%
20 Polônia Lukasz Piszczek
2%
12 Rússia Lunev
2%
13 Polônia Maciej Rybus
2%
15 Egito Mahmoud Hamdy
2%
19 Irã Majid Hosseini
2%
9 Senegal Mame Biram Diouf
2%
2 Arábia Saudita Mansour Al-Harbi
2%
19 Suécia Marcus Rohdén
2%
18 Suíça Mario Gavranovic
2%
5 Austrália Mark Milliagan
2%
7 Irã Masoud Shojaei
2%
23 Marrocos Medhi Carcela
2%
2 Irã Mehdi Torabi
2%
6 Austrália Metthew Jurman
2%
5 Irã Milad Mohammadi
2%
2 Austrália Milos Degenek
2%
13 Egito Mohamed Abdel-Shafy
2%
23 Egito Mohamed El-Shennawi
2%
10 Arábia Saudita Mohammad Al-Sahlawi
2%
20 Arábia Saudita Mohammad Assiri
2%
13 Irã Mohammadi
2%
22 Arábia Saudita Mohammed Al-Owais
2%
8 Irã Morteza Pouraliganji
2%
23 Arábia Saudita Motaz Hawsawi
2%
22 Tunísia Mouez Hassen
2%
22 Senegal Moussa Wagué
2%
17 Marrocos Nabil Dirar
2%
23 Tunísia Naim Sliti
2%
22 Peru Nilson Loyola
2%
4 Coréia do Sul Oh Ban-Suk
2%
16 Islândia Ólafur Skúlason
2%
5 Arábia Saudita Omar Hawsawi
2%
9 Irã Omid Ebrahimi
2%
19 México Oribe Peralta
2%
3 Arábia Saudita Osama Hawsawi
2%
15 Suécia Oscar Hiljemark
2%
17 Argentina Otamandi
2%
5 Tunísia Oussama Haddadi
2%
18 Costa Rica Patrick Pemberton
2%
23 Peru Pedro Aquino
2%
15 Irã Pejman Montazeri
2%
18 Suécia Pontus Jansson
2%
6 Tunísia Rami Bedoui
2%
23 Irã Ramin Rezaeian
2%
14 Costa Rica Randall Azofeifa
2%
12 Irã Rashid Mazaheri
2%
16 Irã Reza Ghoochannejhad
2%
19 Panamá Ricardo Avila
2%
10 Austrália Robbie Kruse
2%
13 Costa Rica Rodney Wallace
2%
22 Costa Rica Ronald Matarita
2%
13 Islândia Rúnar Rúnarsson
2%
19 Tunísia Saber Khalifa
2%
6 Irã Saeid Ezatolahi
2%
7 Tunísia Saif-Eddine Khaoui
2%
2 Senegal Saliou Ciss
2%
7 Arábia Saudita Salman Al-Faraj
2%
16 Egito Sherif Ekramy
2%
13 Nigéria Simeon Nwankwo
2%
5 Islândia Sverrir Ingason
2%
18 Japão Takuma Asano
2%
4 Polônia Thiago Cionek
2%
23 Austrália Tom Rogic
2%
20 Austrália Trent Sainsbury
2%
21 Nigéria Tyronne Ebuehi
2%
11 Irã Vahid Amiri
2%
14 Panamá Valentín Pimentel
2%
17 Suécia Viktor Claesson
2%
16 Peru Wilder Cartagena
2%
7 Dinamarca William Kvist
2%
4 Tunísia Yassine Meriah
2%
17 Costa Rica Yeltsin Tejeda
2%
10 Marrocos Younes Belhanda
2%
15 Marrocos Youssef Aït-Bennasser
2%
12 Senegal Youssouf Sabaly
2%
1 Arábia Saudita Abdullah Al-Mayuf
0%
12 México Alfredo Talavera
0%
11 Austrália Andrew Nabbout
0%
11 Panamá Armando Cooper
0%
3 Polônia Artur Jedrzejczyk
0%
16 Tunísia Aymen Mathlouthi
0%
18 Polônia Bartosz Bereszynski
0%
12 Polônia Bartosz Bialkowski
0%
15 Rússia Chalov
0%
17 Austrália Daniel Arzani
0%
21 Austrália Dimi Petratos
0%
8 Rússia Gazinskii
0%
8 Japão Genki Haraguchi
0%
20 Tunísia Ghaylene Chaaleli
0%
3 Panamá Harold Cummings
0%
15 Islândia Hólmar Eyjólfsson
0%
14 Coréia do Sul Hong Chul
0%
6 Polônia Jacek Góralski
0%
3 Suíça Jacques-François
0%
14 Austrália Jamie Maclaren
0%
19 Suíça Josip Srmic
0%
7 Rússia Kuziyev
0%
21 França Lucas Henández
0%
14 Polônia Lukasz Teodorczyk
0%
15 Polônia Marcin Kaminski
0%
12 Japão Masaaki Higashiguchi
0%
14 Marrocos Mbark Boussaoufa
0%
2 Suécia Mikael Lusting
0%
17 Egito Mohamed Elnery
0%
6 Arábia Saudita Mohammed Al-Burayk
0%
12 Marrocos Munir Mohand
0%
2 Japão Naomichi Ueda
0%
6 Uruguai Rodrigo Bentacur
0%
4 Irã Roozbeh Chershmi
0%
3 Islândia Samúel Fridjónsson
0%
20 Irã Sardar Azmound
0%
4 Rússia Sergey Iganshevich
0%
17 Polônia Slawomir Peszko
0%
17 Arábia Saudita Taiseer Al-Jassam
0%
11 Japão Takashi Usami
0%
9 Austrália Tomi Juric
0%
20 Japão Tomoaki Makino
0%
21 Arábia Saudita Yasse Al-Musailem
0%
3 Tunísia Yohan Bem Alouane
0%
13 Japão Yoshinori Muto
0%
Nenhum quiz correspondente encontrado
Distribuição das Pontuações
Porcentagem de Pessoas com Cada Pontuação
Percentil de Números Respondidos
Sua Pontuação Histórica
Você não jogou esse quiz